Plaatsen aan het IJsselmeer - Statistieken

Algemene statistieken
  • Deze quiz is 29 keer genomen
  • De gemiddelde score is 9 van 15
Antwoordstatistieken
Provincie Plaats Inwoneraantal % Correct
Flevoland Lelystad 77.893
100%
Flevoland Urk 20.776
100%
Noord-Holland Enkhuizen 18.507
95%
Friesland Stavoren 950
95%
Friesland Lemmer 10.335
89%
Noord-Holland Medemblik 8.590
89%
Friesland Hindeloopen 870
68%
Friesland Makkum 3.625
63%
Friesland Workum 4.435
58%
Noord-Holland Den Oever 2.455
53%
Noord-Holland Andijk 6.880
42%
Noord-Holland Onderdijk 1.729
21%
Noord-Holland Wervershoof 8.175
21%
Noord-Holland Bangert 1.430
11%
Friesland Bakhuizen 1.050
5%
Geen overeenkomende quizzen gevonden
Scoreverdeling
Procent van Mensen met Elke Score
Percentiel versus Aantal Correcte Antwoorden
Uw Scoregeschiedenis
U heeft deze quiz nog niet genomen